Tennis WTA 2026 - Vainqueurs des Tournois - Statistiques

Statistiques générales
  • Ce quiz a été pris 75 fois
    15 depuis la dernière actualisation
  • Le résultat moyen est 17 sur 19
Statistiques - réponses
Tournoi Catégorie Vainqueur % Correct
Brisbane WTA 500 Aryna Sabalenka
100%
Indian Wells WTA 1000 Aryna Sabalenka
100%
Miami WTA 1000 Aryna Sabalenka
100%
Open d'Australie Grand Chelem Elena Rybakina
100%
Stuttgart WTA 500 Elena Rybakina
100%
Dubaï WTA 1000 Jessica Pegula
100%
Charleston WTA 500 Jessica Pegula
100%
Rouen WTA 250 Marta Kostyuk
100%
Adelaïde WTA 500 Mirra Andreeva
100%
Linz WTA 250 Mirra Andreeva
100%
Auckland WTA 250 Elina Svitolina
92%
Doha WTA 1000 Karolina Muchova
92%
Mérida WTA 500 Cristina Bucsa
75%
Bogota WTA 250 Marie Bouzkova
75%
Cluj-Napoca WTA 250 Sorana Cirstea
75%
Hobart WTA 250 Elisabetta Cocciaretto
67%
Ostrava WTA 250 Katie Boulter
67%
Austin WTA 250 Peyton Stearns
67%
Abou Dhabi WTA 500 Sara Bejlek
58%
Aucun quiz correspondant
Distribution des résultats
% des personnes avec chaque résultat
Percentile par nombre de réponses
Votre historique - résultats
Vous n’avez pas pris ce quiz depuis la dernière actualisation